Baby's First Words (Body Parts) - Statistics

General Stats
  • This quiz has been taken 84 times
  • The average score is 17 of 21
Answer Stats
Starts With Body Part % Correct
A Arm
98%
L Leg
95%
E Eye
94%
N Nose
92%
T Toe
92%
B Bottom
90%
E Ear
90%
H Hair
90%
M Mouth
90%
F Foot
89%
K Knee
87%
H Head
85%
F Finger
84%
H Hand
82%
T Teeth
71%
N Neck
69%
E Elbow
68%
B Belly Button
60%
F Face
56%
C Chin
50%
T Tummy
45%
No matching quizzes found
Score Distribution
Percent of People with Each Score
Percentile by Number Answered
Your Score History
You have not taken this quiz